|
|
|
|
| LEADER |
00000cam a2200000 7i4500 |
| 001 |
0000000735 |
| 005 |
20000927.0 |
| 020 |
0 |
0 |
|a 080392898X
|
| 090 |
0 |
0 |
|a 305.26
|b DAI 1988
|
| 245 |
0 |
0 |
|a DAILY life in later life :
|b Comparative perspectives
|c edited by Karen Altergott
|
| 260 |
0 |
0 |
|a Newbury Park, Calif. :
|b Sage Pub. ,
|c 1988
|
| 300 |
|
|
|a 252 p. :
|b ill. ;
|c 22 cm.
|
| 440 |
0 |
0 |
|a Sage focus editions
|v 99
|
| 500 |
0 |
0 |
|a Includes bibliographical references
|
| 650 |
0 |
0 |
|a Aged
|x Goverment policy
|x Cross-cultural studies
|
| 650 |
0 |
0 |
|a Aged
|x Time management
|x Cross-cultural studies
|
| 650 |
0 |
0 |
|a Aging
|x Social aspects
|x Cross-cultural aspects
|
| 700 |
0 |
1 |
|a Altergott
|h Karen
|
| 999 |
|
|
|a 0000000372
|b Monograph
|c Open Shelf
|e Default branch
|